April Fools' Quiz #11 - Statistics

General Stats
  • This quiz has been taken 15,501 times
  • The average score is 13 of 20
Answer Stats
Question Answer % Correct
What popular board game mascot wears a top hat and monocle? Monopoly
97%
What disease killed 9 of the 10 oldest people in the world in 2020 and 2021? Covid-19
86%
What group of Spanish islands got their name from the little yellow birds that live there? Canary Islands
85%
What Egyptian ruler was known in her time as one of the most beautiful women in the world? Cleopatra
85%
What rock band was formed in 1987 by two brothers name Rose and two named Gunn? Guns and Roses
83%
Who was Queen of England during the life of author Jane Austen? Queen Victoria
74%
What method of transportation do 94% of Frenchmen use to commute to work? Trains
74%
What was the name of the North Vietnamese army during the Vietnam War? Viet {Cong}
73%
What country does the chinchilla dog breed come from? Mexico
68%
What Roman wall, built in 122 BC, still defines the official border between England and Scotland? {Haydrian}'s Wall
65%
What award-winning movie from 2002 is based on the true story of a Roman general who became a slave? Gladiator
64%
What condiment did Ronald Reagan seek to legally reclassify as a vegetable? Ketchup
64%
What country does the "Sandscript" language come from? India
60%
What number did Indiana define, legally, as 3.2 because of uneducated state legislators who refused to listen to science? Pi
60%
What movie villain wears a hockey mask and kills his victims with a chainsaw? Jason
56%
What tycoon calls himself a "self-made man" despite his father being a blood emereld billionaire? Elon Musk
55%
What concrete dome in Rome was built as a temple to the god Pan? The Pantheon
55%
What group of Mesoamerican people mysteriously disappeared forever around 1000 BC? Mayans
54%
"Pike's Peak" is the tallest mountain in which U.S. state? Colorado
51%
What spice blend was originally concocted when a Jamaican cook mixed all his spices together? Allspice
39%
No matching quizzes found
Score Distribution
Percent of People with Each Score
Percentile by Number Answered
Your Score History
You have not taken this quiz